Devinez la Capitale Mystère #57 - Statistiques

Statistiques générales
  • Ce quiz a été pris 167 fois
  • Le résultat moyen est 29 sur 33
Statistiques - réponses
Type de Réponse Réponse % Correct
Lettre Trouvée A
100%
Lettre de l'Alphabet N
100%
Lettre Bien Placée A
99%
Lettre de l'Alphabet I
99%
Lettre de l'Alphabet P
99%
Lettre de l'Alphabet R
99%
Lettre de l'Alphabet S
99%
Lettre de l'Alphabet E
98%
Lettre Trouvée O
98%
Lettre de l'Alphabet L
97%
Lettre Trouvée M
97%
Lettre de l'Alphabet T
97%
Lettre Trouvée B
95%
Lettre de l'Alphabet D
95%
Lettre Bien Placée A
91%
Lettre de l'Alphabet G
91%
Lettre de l'Alphabet U
91%
Lettre de l'Alphabet W
91%
Lettre de l'Alphabet C
90%
Lettre de l'Alphabet H
90%
Lettre Trouvée K
90%
Lettre Bien Placée B
84%
Lettre de l'Alphabet Y
84%
Lettre Bien Placée M
83%
Lettre de l'Alphabet V
81%
Lettre de l'Alphabet J
78%
Lettre de l'Alphabet Z
78%
Lettre de l'Alphabet X
77%
Lettre Bien Placée O
76%
Lettre de l'Alphabet F
74%
Lettre Bien Placée K
73%
Lettre de l'Alphabet Q
73%
Capitale Mystère Bamako
72%
Aucun quiz correspondant
Distribution des résultats
% des personnes avec chaque résultat
Percentile par nombre de réponses
Votre historique - résultats
Vous n’avez pas pris ce quiz